000
00319nam a2200145Ia 4500
008
230718s9999 xx 000 0 und d
041
_a
Eng.
082
_a
831
_b
KEL-T
100
_a
Kellow, Agnely
245
0
_a
Toxic Risk
260
_a
Pakistan
_b
Cambridge Pos
_c
1999
300
_a
222
650
_a
Law
999
_c
26147
_d
26147